Gdańsk Lech Wałęsa Airport Destinations (Gdańsk, Poland) - Statistics

General Stats
  • This quiz has been taken 147 times
    78 since last reset
  • The average score is 49 of 85
Answer Stats
Airline Destination % Correct
Wizz Air London (Luton)
96%
Ryanair London (Stansted)
96%
LOT Polish Airlines Warsaw (Chopin)
96%
Norwegian Air Shuttle/Wizz Air Oslo
94%
KLM Amsterdam
90%
Finnair Helsinki
90%
Ryanair/Wizz Air Stockholm (Arlanda)
90%
Ryanair Kraków
88%
Ryanair Prague
88%
Lufthansa Munich
86%
Ryanair Rome (Ciampino)
86%
Wizz Air Rome (Fiumicino)
86%
Ryanair/Wizz Air Barcelona
84%
Jet2.com/Ryanair Manchester
82%
Wizz Air Milan (Malpensa)
82%
Norwegian Air Shuttle/Wizz Air Bergen
80%
Ryanair/Scandinavian Airlines/Wizz Air Copenhagen
80%
Lufthansa Frankfurt
78%
Swiss International Air Lines Zürich
78%
Wizz Air Budapest
75%
Ryanair Dublin
75%
Ryanair Naples
75%
Jet2.com Birmingham
73%
Wizz Air Liverpool
73%
Ryanair Riga
73%
Ryanair/Wizz Air Málaga
71%
Ryanair/Wizz Air Alicante
69%
Ryanair Edinburgh
69%
Ryanair/Wizz Air Hamburg
69%
Ryanair Wrocław
69%
Corendon Airlines/Enter Air Antalya
65%
Ryanair/Wizz Air Gothenburg
65%
Enter Air/Ryanair Corfu
63%
Jet2.com/Ryanair Newcastle upon Tyne
63%
Wizz Air Heraklion
61%
Wizz Air Split
61%
Eurowings Düsseldorf
59%
Ryanair Aarhus
57%
Enter Air Kos
57%
Ryanair/Wizz Air Leeds/Bradford
57%
Wizz Air Trondheim
57%
Ryanair Belfast (International)
55%
Ryanair Bergamo
55%
Ryanair Chania
55%
Ryanair Cork
55%
Wizz Air Malmö
55%
Ryanair Malta
55%
Enter Air/Wizz Air Tirana
55%
Ryanair Bristol
53%
Wizz Air Verona
53%
Ryanair Zadar
53%
Ryanair Pisa
51%
Wizz Air Tenerife (South)
51%
Wizz Air Stavanger
49%
Ryanair Bratislava
47%
Enter Air/Ryanair/Wizz Air Burgas
47%
Wizz Air Eindhoven
47%
Enter Air/SkyUp Hurghada
47%
Wizz Air Larnaca
47%
Wizz Air Tromsø
47%
Enter Air Varna
47%
Wizz Air Dortmund
45%
Ryanair Santorini
45%
Wizz Air Aberdeen
43%
Wizz Air Billund
43%
Ryanair Lublin
43%
Ryanair Paphos
43%
Ryanair/Smartwings Poland Podgorica
43%
Ryanair/Wizz Air Beauvais
41%
Wizz Air Reykjavik
41%
Smartwings Poland Bodrum
39%
Wizz Air Funchal
37%
SkyUp Sharm El Sheikh
35%
LOT Polish Airilnes Rzeszów
33%
Wizz Air Ålesund
29%
Ryanair Brindisi
27%
Smartwings Poland Dalaman
24%
Enter Air Girona
22%
Wizz Air Turku
20%
Enter Air Enfidha
16%
Ryanair Treviso
16%
Ryanair Växjö
16%
Wizz Air Haugesund
14%
Ryanair/Wizz Air Sandefjord
10%
Ryanair Skellefteå
2%
No matching quizzes found
Score Distribution
Percent of People with Each Score
Percentile by Number Answered
Your Score History
You have not taken this quiz since the last reset